Statistiche per Tennisti che hanno vinto più Slam

Clicka qui per fare il quiz!

Statistiche generali

  • Questo quiz è stato fatto 80 volte
  • Il punteggio medio è 8 su 12

Statistiche sulle risposte

NazioneTotale trofeiAustralian OpenRoland GarrosTorneo di WimbledonUS OpenTennista% Corretto
Serbia2410374Novak Djokovic
100%
Spagna2221424Rafael Nadal
100%
Svizzera206185Roger Federer
100%
Svezia110650Björn Borg
81%
Stati Uniti70034John McEnroe
74%
Stati Uniti84112Andre Agassi
72%
Stati Uniti142075Pete Sampras
65%
Germania62031Boris Becker
43%
Cecoslovacchia82303Ivan Lendl
37%
Svezia62022Stefan Edberg
35%
Stati Uniti81025Jimmy Connors
34%
Svezia73301Mats Wilander
24%

Distribuzione punteggi

Percentile per numero di risposta

Percentuale di utenti per punteggio

I tuoi punteggi nel tempo

Non hai fatto questo quiz